000
00280nam a2200109Ia 4500
008
220216s9999 xx 000 0 und d
100
_a
Cook Stuart
245
0
_a
Sustainability as a global issue
260
_b
Rubber Technology Developments
_c
2010
300
_a
15-Dec
942
_c
JS
999
_c
70063
_d
70063